Sistema informático para el control de inventario en el Puesto de Medicamento Populares San Miguel

Describe un prototipo de sistema de información para el Puesto de Medicamentos Populares San Miguel, logrando presentar el flujo de información de ventas, control de cuentas por pagar, así como el de cuentas por cobrar, el control de existentes y faltantes en bodegas.

Bibliographic Details
Main Authors: Granja Rodríguez, Julio César, Meléndez Cortéz, Heidy Guadalupe, Vargas Talavera, Denis Antonio
Other Authors: Tutor: Espinoza Aragón; Evelyn del Carmen
Format: Tesis Section = Libro
Language:Undetermined
Spanish
Published: Managua UNI 2007
Subjects:
LEADER 01181nam a2200253Ia 4500
008 240830s9999 xx 000 0 und d
040 |a BIBLIOTECA-RUPAP T.Mon 025.04 G759 
041 |a spa 
082 |a T.Mon 025.04 G759 
100 1 |a Granja Rodríguez, Julio César 
100 1 |b Meléndez Cortéz, Heidy Guadalupe 
100 1 |c Vargas Talavera, Denis Antonio 
245 1 0 |a Sistema informático para el control de inventario en el Puesto de Medicamento Populares San Miguel 
260 |a Managua  |b UNI  |c 2007 
300 |a 168 p. :il. 
502 |a Tesis (Ingeniero de Sistemas)- UNI, 2007. 
520 3 |a Describe un prototipo de sistema de información para el Puesto de Medicamentos Populares San Miguel, logrando presentar el flujo de información de ventas, control de cuentas por pagar, así como el de cuentas por cobrar, el control de existentes y faltantes en bodegas. 
650 7 |a SISTEMA DE INFORMACIÓN AUTOMATIZADA - PUESTO DE MEDICAMENTOS SAN MIGUEL 
650 7 |b DIAGRAMA - CONTROL DE INVENTARIO 
650 7 |c ANÁLISIS Y DISEÑO DE SISTEMAS 
700 1 |a Tutor:  |b Espinoza Aragón; Evelyn del Carmen 
942 |c BK  |2 ddc 
991 |a TESIS 
999 |c 18025